000
00316nam a22001457a 4500
008
221020b ||||| |||| 00| 0 eng d
020
_a
0316774758
041
_a
eng
080
_a
721
082
_a
721 LIT
100
_a
20.2
101
_a
ELE
245
_a
RENAL AND ELECTROLYTE
_c
LITTLE BROWN
942
_2
udc
_c
BK
999
_c
58619
_d
58619